Fundamentals of electrical engineering / (Record no. 178789)
[ view plain ]
| 000 -LEADER | |
|---|---|
| fixed length control field | 00975 a2200241 4500 |
| 003 - CONTROL NUMBER IDENTIFIER | |
| control field | Nust |
| 005 - DATE AND TIME OF LATEST TRANSACTION | |
| control field | 20221022132857.0 |
| 010 ## - LIBRARY OF CONGRESS CONTROL NUMBER | |
| LC control number | 95035576 |
| 020 ## - INTERNATIONAL STANDARD BOOK NUMBER | |
| International Standard Book Number | 0195105095 (cl : acid-free paper) |
| 040 ## - CATALOGING SOURCE | |
| Transcribing agency | Nust |
| 082 00 - DEWEY DECIMAL CLASSIFICATION NUMBER | |
| Classification number | 621.3,BOB |
| 100 1# - MAIN ENTRY--PERSONAL NAME | |
| Personal name | Bobrow, Leonard S. |
| 9 (RLIN) | 56851 |
| 245 10 - TITLE STATEMENT | |
| Title | Fundamentals of electrical engineering / |
| Statement of responsibility, etc. | Leonard S. Bobrow. |
| 250 ## - EDITION STATEMENT | |
| Edition statement | 2nd ed. |
| 260 ## - PUBLICATION, DISTRIBUTION, ETC. | |
| Place of publication, distribution, etc. | New York : |
| Name of publisher, distributor, etc. | Oxford University Press, |
| Date of publication, distribution, etc. | 1996. |
| 300 ## - PHYSICAL DESCRIPTION | |
| Extent | xiii, 1163 p. : |
| Other physical details | ill. ; |
| Dimensions | 25 cm. |
| 440 #4 - SERIES STATEMENT/ADDED ENTRY--TITLE | |
| Title | The Oxford series in electrical and computer engineering |
| 9 (RLIN) | 97944 |
| 505 ## - FORMATTED CONTENTS NOTE | |
| Formatted contents note | Part 1: Circuits (Page-3), Part 2: Electronics (Page-345), Part 3: Digital Systems (Page-749), Part 4: Electro mechanics (Page-903). |
| 650 #0 - SUBJECT ADDED ENTRY--TOPICAL TERM | |
| Topical term or geographic name entry element | Electrical engineering. |
| 856 42 - ELECTRONIC LOCATION AND ACCESS | |
| Materials specified | Publisher description |
| Uniform Resource Identifier | <a href="http://www.loc.gov/catdir/enhancements/fy0605/95035576-d.html">http://www.loc.gov/catdir/enhancements/fy0605/95035576-d.html</a> |
| 856 42 - ELECTRONIC LOCATION AND ACCESS | |
| Materials specified | Table of contents only |
| Uniform Resource Identifier | <a href="http://www.loc.gov/catdir/enhancements/fy0605/95035576-t.html">http://www.loc.gov/catdir/enhancements/fy0605/95035576-t.html</a> |
| 942 ## - ADDED ENTRY ELEMENTS (KOHA) | |
| Source of classification or shelving scheme | |
| Koha item type | Book |
| Withdrawn status | Lost status | Source of classification or shelving scheme | Damaged status | Not for loan | Permanent Location | Current Location | Shelving location | Date acquired | Full call number | Barcode | Date last seen | Price effective from | Koha item type | Public note |
|---|---|---|---|---|---|---|---|---|---|---|---|---|---|---|
| Military College of Signals (MCS) | Military College of Signals (MCS) | General Stacks | 12/12/2016 | 621.3,BOB | MCS28579 | 12/08/2016 | 12/12/2016 | Book | Almirah No.27, Shelf No.6 |
